1275 1813 1313 1389 1415 1243 1355 1663 1554 1047 1052 1311 1348 1216 1571 1541 1370 1112 1690 1056 1854 1835 1046 1705 1887 1967 1628 1825 1799 1041 1685 1214 1937 1740 1828 1732 1095 1891 1063 1742 1347 1890 1987 1952 1755 1154 1576 1496 1695 1139 1030 1205 1437 1268 1692 1451 1718 1014 1054 1490 1961 1249 1012 1049 1980 1230 1059 1136 1531 1998 1414 1262 1790 1837 1243 1653 1972 1740 1646 1692 1977 1636 1358 1533 1176 1112 1980 1722 1650 1613 1886 1096 1166 1841 1625 1438 1454 1638 1845 BCNSPRNW ULIB Ver.6.0+V

เปลี่ยนเป็นภาษาไทย

Change to English
 แสดงรายละเอียดบรรณานุกรม
  กลับหน้าหลัก

Brief Record : Get Marc (ISO 2709) : E-mail record : QR code < ปิดหน้าต่าง
LEADER : 00000nam 2200000uu 4500
001    13399113577
003     ULIB
008    110627s2551||||th 000 0 tha d
020    9789740957560
090    นว.^bO111ป 2551
100 0  Oresia
245 00 ปาฏิหาริย์รัก คืนคริสต์มาส/^cOresia
250    พิมพ์ครั้งที่ 1
260    กรุงเทพฯ :^bแจ่มใส,^c2551
300    264 หน้า
710 1  แจ่มใส
945    ^p189^l0^i024471
995    ทศพร
999 ^a ใช้งานได้ทุกระบบ
รายการนี้ยังไม่มีแท็ก
คุณยังไม่ได้ล็อกอิน คุณสามารถมีกิจกรรมร่วมกับเว็บไซต์ได้ แต่ต้องล็อกอินก่อน ::
  ล็อกอิน

รายการสื่อสารสนเทศ

ลำดับที่ ประเภท เลขเรียก/บาร์โค้ด สถานที่ สถานะ
1. นวนิยาย
นวนิยาย
นว. O111ป 2551 ฉ.1 
  Barcode: 024471
ห้องสมุดวิทยาเขตสวรรค์ประชารักษ์
►นวนิยาย
ถูกยืม กำหนดส่งวันที่ 20 ตุลาคม 2566
  จอง

รายการใกล้เคียง
    ผู้แต่ง [Oresia]

BibComment


ยังไม่เคยถูกคอมเมนท์

คอมเมนท์ทรัพยากรรายการนี้
  คอมเมนท์: ปาฏิหาริย์รัก คืน..


 Copyright 2026. Bcnsprnw @Library